000 00865nas a2200265 4500
001 BR9202974
003 BR-BrBNA
005 20231205092601.0
007 ta
008 230509b bl.|||p| |||| 00| 00por d
040 _aBR-BrBNA
_bpor
_cBiblioteca Nacional de Agricultura
041 _a(Pt)
072 _aF60
100 1 _aCastro, P.R.C.
100 1 _aBarbosa, L.M.
100 1 _aNastri, V.D.F.
100 1 _aAngelocci, L.R.
245 1 _aFitometros e distribuicao da radiacao na copa de Hevea brasiliensis cv. RRIM 600
246 1 _aPhytometers and light distribution in rubber tree canopy
650 _aSERINGUEIRA
650 _aFOTOSSINTESE
773 0 _tAnais da Escola Superior de Agricultura Luiz de Queiroz (Brazil)
_xISSN 0071-1276
_g(1990), v. 47(2) p. 301-315
_wBR9202974
909 _a202311
_bLúcia
_c55
_dLúcia Elande
942 _2AGRIS
_n0
_cANA
999 _c132654
_d132654